| 000 | 00508nam a2200181Ia 4500 | ||
|---|---|---|---|
| 003 | LK-CoDNM | ||
| 008 | 010623t1927 xxu||||| |||| 00| 1 sin d | ||
| 040 |
_aLK-CoDNM _dLK-CoDNM _eLK-CoDNM |
||
| 041 | _asin | ||
| 080 | _a104 C 8 | ||
| 100 |
_aSenaratna,H _eed. |
||
| 245 | _aරංගිරි දඹුළු විහාර වන්නනාව | ||
| 246 | _aRangiri Dambulu Vihara Vannanaawa | ||
| 260 |
_bSri Bharati _aColombo _c1927 |
||
| 300 | _b29p, ill, 21 cm | ||
| 650 | _aVarnana | ||
| 942 | _cBK | ||
| 999 |
_c94135 _d94135 |
||